Trang trí trong mỹ thuật truyền thống của người Việt

Giới thiệu về sự hình thành và phát triển về nghệ thuật vẽ hoa văn của người Việt. Từ đó thấy đuợc nghệ thậut trang trí của ngưòi Việt, một góc sáng trong đời sống tinh thần, văn hóa ngưòi Việt....

Ausführliche Beschreibung

Gespeichert in:
Bibliographische Detailangaben
1. Verfasser: Trần, Lâm Biền
Format: Buch
Sprache:Undetermined
Veröffentlicht: Hà Nội Văn hóa Dân tộc 2011
Schlagworte:
Tags: Tag hinzufügen
Keine Tags, Fügen Sie den ersten Tag hinzu!
Thư viện lưu trữ: Trung tâm Học liệu Trường Đại học Cần Thơ
LEADER 00977nam a2200205Ia 4500
001 CTU_169676
008 210402s9999 xx 000 0 und d
082 |a 709.597 
082 |b B305 
100 |a Trần, Lâm Biền 
245 0 |a Trang trí trong mỹ thuật truyền thống của người Việt 
245 0 |c Trần Lâm Biền (Chủ biên) 
260 |a Hà Nội 
260 |b Văn hóa Dân tộc 
260 |c 2011 
520 |a Giới thiệu về sự hình thành và phát triển về nghệ thuật vẽ hoa văn của người Việt. Từ đó thấy đuợc nghệ thậut trang trí của ngưòi Việt, một góc sáng trong đời sống tinh thần, văn hóa ngưòi Việt. 
650 |a Art, vietnamese,Mỹ thuật Việt Nam 
650 |x History,Lịch sử 
904 |i Linh, Hải 
980 |a Trung tâm Học liệu Trường Đại học Cần Thơ